| 000 | 00673nam a2200193Ia 4500 | ||
|---|---|---|---|
| 003 | SISC | ||
| 005 | 20170126131108.0 | ||
| 008 | 140609s9999 xx 000 0 und d | ||
| 020 | _a9780470828168 | ||
| 050 |
_aHD 87.P6 _b.L412 2011 |
||
| 100 | _aLavin, Franklin L. | ||
| 245 |
_aExport now : _bfive keys to entering new markets / _cFranklin L. Lavin, Peter S. Cohan ; foreword by former U.S. secretary of commerce Gary Locke. |
||
| 260 |
_aSingapore : _bWiley (Asia), _c2011. |
||
| 300 |
_a227 pages ; _c24 cm. |
||
| 500 | _aIncludes bibliographical references and index. | ||
| 650 |
_aBusiness enterprises _xCase studies. |
||
| 942 |
_kFOR _cBK _2lcc |
||
| 999 |
_c117929 _d117929 |
||